Addiction research and treatment : (Record no. 4525)

000 -LEADER
fixed length control field 00953cam a2200253 i 4500
003 - CONTROL NUMBER IDENTIFIER
control field OSt
005 - DATE AND TIME OF LATEST TRANSACTION
control field 20220324074909.0
008 - FIXED-LENGTH DATA ELEMENTS--GENERAL INFORMATION
fixed length control field 781010s1979 nyua b 100 0 eng
020 ## - INTERNATIONAL STANDARD BOOK NUMBER
International Standard Book Number 0080230253
040 ## - CATALOGING SOURCE
Transcribing agency ALUPE UNIVERSITY LIBRARY
050 00 - LIBRARY OF CONGRESS CALL NUMBER
Classification number RC564
Item number .C6 1977
111 2# - MAIN ENTRY--MEETING NAME
Number [OBSOLETE] 1st,
Date of meeting or treaty signing 1977.
245 10 - TITLE STATEMENT
Title Addiction research and treatment :
Remainder of title converging trends : proceedings of the First Annual Coatesville-Jefferson Conference on Addiction /
Statement of responsibility, etc. editors, Edward L. Gottheil ... [et al.].
260 ## - PUBLICATION, DISTRIBUTION, ETC.
Place of publication, distribution, etc. New York :
Name of publisher, distributor, etc. Pergamon Press,
Date of publication, distribution, etc. c1979.
300 ## - PHYSICAL DESCRIPTION
Extent 146 p. :
Other physical details ill. ;
Dimensions 25 cm.
504 ## - BIBLIOGRAPHY, ETC. NOTE
Bibliography, etc. note Includes bibliographical references.
650 #0 - SUBJECT ADDED ENTRY--TOPICAL TERM
Topical term or geographic name entry element Drug abuse
General subdivision Treatment
-- Congresses.
650 #0 - SUBJECT ADDED ENTRY--TOPICAL TERM
Topical term or geographic name entry element Drug abuse
General subdivision Research
-- Congresses.
700 1# - ADDED ENTRY--PERSONAL NAME
Personal name Gottheil, Edward L.
710 2# - ADDED ENTRY--CORPORATE NAME
Corporate name or jurisdiction name as entry element Veterans Administration Hospital (Coatesville, Pa.)
710 2# - ADDED ENTRY--CORPORATE NAME
Corporate name or jurisdiction name as entry element Jefferson Medical College.
906 ## - LOCAL DATA ELEMENT F, LDF (RLIN)
a 7
b cbc
c orignew
d 1
e ocip
f 19
g y-gencatlg
942 ## - ADDED ENTRY ELEMENTS (KOHA)
Source of classification or shelving scheme
Koha item type Book
Suppress in OPAC PW
Holdings
Withdrawn status Lost status Source of classification or shelving scheme Damaged status Not for loan Permanent Location Current Location Shelving location Date acquired Source of acquisition Total Checkouts Full call number Barcode Date last seen Price effective from Koha item type Public note Copy number
          AU LIBRARY AU LIBRARY Open Shelf 24.03.2022 DONATION FROM MOI UNIVERSITY   RC564 .C6 1977 28006692 24.03.2022 24.03.2022 Book PW  
          AU LIBRARY AU LIBRARY Open Shelf 07.04.2022 DONATION FROM MOI UNIVERSITY   RC564 .C6 1977 C2 28007598 07.04.2022 07.04.2022 Book BA 2

Powered by Koha